First Word TV Comedies Quiz Stats

 Plays Quiz Updated Jun 25, 2017

Support Sporcle.
Go Orange.
Score 0/30 Timer 04:00
2 Plays Today
First Word % Correct
How
98%
Two
97.8%
Everybody
96.5%
That
96.2%
I
94.9%
Will
94.7%
Parks
94.3%
Married
93.8%
Arrested
93.3%
Malcolm
93.2%
King
93.2%
Curb
92.2%
Growing
90.8%
Mork
87.3%
All
87.1%
First Word % Correct
Diff'rent
86.4%
Family
85.7%
Freaks
84%
Happy
83.2%
Laverne
80.2%
Bob's
78.2%
Brooklyn
76.6%
Welcome
74.8%
Fresh
71%
Sanford
69%
Gilligan's
68.9%
Unbreakable
55.9%
Master
51.2%
Silicon
34.8%
Only
34.4%

You're not logged in!

Compare scores with friends on all Sporcle quizzes.
OR
Log In
Forgot?

From the Vault

50 Flicks to Click (2015)

by mynameis1183

2015 was a generally good year for movies...with a few exceptions.
Remove Ads.
Support Sporcle.
Get the best of Sporcle when you Go Orange. This ad-free experience offers more features, more stats, and more fun while also helping to support Sporcle. Thank you for becoming a member.

Show Comments

Extras

Top Quizzes Today


Score Distribution

Your Account Isn't Verified!

In order to create a playlist on Sporcle, you need to verify the email address you used during registration. Go to your Sporcle Settings to finish the process.

Report this User

Report this user for behavior that violates our Community Guidelines.

Details: